| 000 | 00839nas a2200289 4500 | ||
|---|---|---|---|
| 001 | BR2013003720 | ||
| 003 | BR-BrBNA | ||
| 005 | 20231205122322.0 | ||
| 007 | ta | ||
| 008 | 230509b bl.|||p| |||| 00| 00por d | ||
| 040 |
_aBR-BrBNA _bpor _cBiblioteca Nacional de Agricultura |
||
| 041 | _a(Pt) | ||
| 072 | _aL01; L73 | ||
| 245 | 1 | _aManejo, prevenção e controle das doenças reprodutivas | |
| 650 | _aPRODUÇÃO ANIMAL | ||
| 650 | _aGADO DE CORTE | ||
| 650 | _aPREVENÇÃO | ||
| 650 | _aMANEJO | ||
| 650 | _aDOENÇA ANIMAL | ||
| 650 | _aINFECÇÃO CONTAGIOSA | ||
| 650 | _aABORTO | ||
| 650 | _aESTERILIDADE | ||
| 650 | _aENDOMETRITE | ||
| 773 | 0 |
_tRevista do Produtor Rural (Brazil) _xISSN 1984-0004 _g(Sep-Oct 2012), v. 6(33) p. 33-34 _wBR2013003720 |
|
| 909 |
_a202311 _bLúcia _c55 _dLúcia Elande |
||
| 942 |
_2AGRIS _n0 _cANA |
||
| 999 |
_c228047 _d228047 |
||